| 000 | 00525nam a22001817a 4500 | ||
|---|---|---|---|
| 003 | BD-DhUL | ||
| 005 | 20181115163843.0 | ||
| 008 | 181115s1965 pk ||||| |||| 000 0 urd d | ||
| 040 |
_aBD-DhUL _cBD-DhUL |
||
| 082 |
_a891.433 _bNAB |
||
| 100 | 0 | _aنزیر احمد۔ | |
| 245 | 1 | _aبنات النعش ( مع فرنہنگ) / | |
| 246 | _aBanat al-Na'ash. | ||
| 260 |
_aلاہور : _bعشرت پبلشنگ ہاؤس، _c۱۹۶۵۔ |
||
| 300 |
_aص۔ ۲۵۵ ؛ _c۱۷ سم۔ |
||
| 650 | 4 | _aUrdu fiction. | |
| 942 |
_2ddc _cBK |
||
| 999 |
_c244665 _d244665 |
||